00189nam a2200073Ia 4500008004100000100001800041245004300059260001300102170617s9999 xx 000 0 und d aCooper & Gunn 0aDispensing for Pharmaceutical Students bNew York